Introduction to wireless and mobile systems / (رقم التسجيلة. 75150)
[ عرض عادي ]
| 000 -الفاتح | |
|---|---|
| حقل البيانات ثابتة الطول | 00911cam a2200265Ia 4500 |
| 001 - رقم الضبط | |
| رقم الضبط | 649650403 |
| 003 - محدد رقم الضبط | |
| رقم الضبط | OSt |
| 005 - وقت وتاريخ اخر تعامل مع التسجيلة | |
| رقم الضبط | 20180923144739.0 |
| 008 - عناصر البيانات ثابتة الطول - معلومات عامة | |
| حقل البيانات ثابتة الطول | 100722s2016 nyua b 001 0 eng d |
| 020 ## - الرقم الدولى المعيارى للكتب | |
| الرقم الدولى المعيارى للكتاب | 9781305259621 |
| 035 ## - رقم ضبط النظام | |
| رقم ضبط النظام | (OCoLC)649650403 |
| رقم الضبط الملغى والمتاح | (OCoLC)457154344 |
| 040 ## - مصدر الفهرسة | |
| وكالة الفهرسة الأصلية | SISPL |
| وكالة النسخ | SISPL |
| وكالة التعديل | SISPL |
| -- | VGM |
| -- | BTCTA |
| 050 #4 - رقم طلب مكتبة الكونجرس | |
| رقم التصنيف | TK5103.2 |
| رقم المادة | .A57 2011 |
| 082 ## - رقم تصنيف ديوى العشرى | |
| رقم الطبعة | 23 |
| رقم التصنيف | 621.382 |
| رقم المادة | ADI |
| 100 1# - المدخل الرئيسى - إسم شخصى | |
| الإسم الشخصى | Agrawal, Dharma P. |
| الشكل الأكمل للاسم | (Dharma Prakash), |
| التواريخ المصاحبة للاسم | 1945- |
| 9 (RLIN) | 65039 |
| 245 10 - بيان العنوان | |
| العنوان | Introduction to wireless and mobile systems / |
| بيان المسئوليه,etc | Dharma Prakash Agrawal, Qing-An Zeng |
| 250 ## - بيان الطبعة | |
| بيان الطبعة | 4th ed |
| 260 ## - PUBLICATION, DISTRIBUTION, ETC. (IMPRINT) | |
| مكان الناشر او الموزع | Stamford, CT ; |
| -- | Singapore : |
| اسم الناشر او الموزع | Cengage Learning, |
| تاريخ النشر أو التوزيع | c2016 |
| 300 ## - الوصف المادى | |
| التعداد | xxv, 590 p. : |
| تفاصيل ماديه اخرى للوعاء | ill. ; |
| أبعاد الوعاء | 24 cm |
| 504 ## - تبصرة ببليوجرافية | |
| تبصرة ببليوجرافية,الخ | Includes bibliographical references and index |
| 650 #0 - المدخل الاضافى بالموضوع-مصطلح موضوعى | |
| مصطلح موضوعي أو اسم جغرافي كعنصر مدخل | Wireless communication systems |
| 9 (RLIN) | 65040 |
| 650 #0 - المدخل الاضافى بالموضوع-مصطلح موضوعى | |
| مصطلح موضوعي أو اسم جغرافي كعنصر مدخل | Mobile communication systems |
| 9 (RLIN) | 65041 |
| 700 1# - المدخل الاضافى - اسم شخصى | |
| الإسم الشخصى | Zeng, Qing-An |
| 9 (RLIN) | 65042 |
| 942 ## - عناصر المدخل الإضافي( كوها) | |
| مصدر التصنيف او مخطط الترفيف | Dewey Decimal Classification |
| Koha [default] item type | كتاب |
| حالة الفقد | نموذج السعر الفعال | حالة تلف | ليس للاعارة | رقم الطلب | تاريخ الاكتساب | الموقع الحالي | الباركود | الفرع الرئيسي | Date last seen | نوع المادة فى نظام كوها | مصدر التصنيف او خطة الترفيف | Total Checkouts |
|---|---|---|---|---|---|---|---|---|---|---|---|---|
| 2018-09-21 | 621.382 ADI | 2018-09-21 | المكتبة المركزية بالمجمعة (CL) | 00751318 | المكتبة المركزية بالمجمعة (CL) | 2018-09-21 | كتاب | Dewey Decimal Classification | ||||
| 2018-09-21 | 621.382 ADI | 2018-09-21 | المكتبة المركزية بالمجمعة (CL) | 00751319 | المكتبة المركزية بالمجمعة (CL) | 2018-09-21 | كتاب | Dewey Decimal Classification | ||||
| 2018-09-21 | 621.382 ADI | 2018-09-21 | المكتبة المركزية بالمجمعة (CL) | 00751320 | المكتبة المركزية بالمجمعة (CL) | 2018-09-21 | كتاب | Dewey Decimal Classification |
